[Event "Duesseldorf Nord Cup 2nd"]
[Site "Duesseldorf"]
[Date "1996.??.??"]
[Round "3"]
[White "Mehrwald, Christian"]
[Black "Wicht, Juergen"]
[Result "0-1"]
[WhiteElo "1845"]
[BlackElo "2070"]
[PlyCount "78"]
[EventDate "1996.??.??"]
[EventType "swiss"]
[EventRounds "7"]
[EventCountry "GER"]
[SourceTitle "EXT 1999"]
[Source "ChessBase"]
[SourceDate "1998.11.16"]
[SourceVersion "1"]
[SourceVersionDate "1998.11.16"]
[SourceQuality "1"]

1. d4 Nf6 2. c4 g6 3. Nc3 Bg7 4. e4 d6 5. Nf3 0-0 6. h3 Nbd7 7. Be3 e5 8. d5 a5 9. Bd3 b6 10. 0-0 Nc5 11. a3 Bd7 12. Qc2 a4 13. Nd2 Nh5 14. Ne2 f5 15. f3 f4 16. Bf2 g5 17. Rfb1 Nf6 18. Nc1 h5 19. Kf1 g4 20. hxg4 hxg4 21. Bxc5 bxc5 22. Na2 Nh5 23. Ke1 Qh4+ 24. Kd1 Qh1+ 25. Bf1 gxf3 26. gxf3 Rf6 27. Qd3 Ng3 28. Kc2 Rh6 29. Be2 Qg2 30. Nc3 Rh2 31. Rg1 Qf2 32. Rae1 Rb8 33. Nd1 Qd4 34. Qxd4 cxd4 35. Bd3 Rb3 36. Rxg3 fxg3 37. Rg1 Bh6 38. Rxg3+ Kf7 39. Kb1 Rxd3 0-1